00422pab a2200145 454500008004000000100002000040245009500060260000900155300001300164362000800177650001100185700001700196700001800213773004500231180718b2012 xxu||||| |||| 00| 0 eng d aHsieh, Chih-Wei aConsequences of work related emotions: Analysis of cross section of public service workers c2012 ap.39-53. aJan aLabour aGuy, Mary E. aJin, Myung H. aAmerican Review of Public Administration